000 00290nam a22001337a 4500
008 170809b xxu||||| |||| 00| 0 eng d
020 _a318401309-X
041 _ager
080 _a004
100 _a35
101 _aSHK
245 _aKUNSTLICHE INTELLIGENZ
_cLOSCHNER,J
942 _2udc
_cBK
999 _c23060
_d23060